Vikromadetia Empire Countries - Statistics

General Stats
  • This quiz has been taken 5 times
  • The average score is 21 of 62
Answer Stats
Country % Correct
India
100%
Bhutan
75%
China
75%
Nepal
75%
Pakistan
75%
Afghanistan
50%
Bangladesh
50%
Cambodia
50%
Egypt
50%
Indonesia
50%
Iran
50%
Iraq
50%
Israel
50%
Japan
50%
Malaysia
50%
Maldives
50%
Mongolia
50%
Oman
50%
Palestine
50%
Papua New Guinea
50%
Russia
50%
Sri Lanka
50%
Thailand
50%
Ukraine
50%
Yemen
50%
Armenia
25%
Azerbaijan
25%
Brunei
25%
Cyprus
25%
Democratic Republic of Korea
25%
East Timor
25%
Ethiopia
25%
Georgia
25%
Kazakhstan
25%
Kuwait
25%
Kyrgyzstan
25%
Laos
25%
Lebanon
25%
Myanmar
25%
N. Cyprus
25%
Poland
25%
Republic of Korea
25%
Saudi Arabia
25%
Singapore
25%
Somalia
25%
Sudan
25%
Taiwan
25%
Tajikistan
25%
Turkey
25%
Turkmenistan
25%
United Arab Emirates
25%
Vietnam
25%
Christmas Islands
0%
Cocos Islands
0%
Comoros
0%
Djibouti
0%
Eritrea
0%
Finland
0%
Kenya
0%
Madagascar
0%
Slovakia
0%
Somaliland
0%
No matching quizzes found
Score Distribution
Percent of People with Each Score
Percentile by Number Answered
Your Score History
You have not taken this quiz